O hypermarketech a krámcích

Obchodná scéna Poľska. Spoločnosti prevádzkujúce najväčšie hypermarkety v Poľsku. Diskonty a supermarkety. Významná úloha veľkoobchodu v Poľsku a najúspešnejší poľskí veľkoobchodníci. Starosti poľských obchodníkov. Spájanie veľkoobchodníkov do združení (Delko a Lewiatan Holding). Záujem zahraničia o...

Full description

Saved in:
Bibliographic Details
Format: Book Chapter
Language:Czech
Subjects:
Tags: Add Tag
No Tags, Be the first to tag this record!

MARC

LEADER 00000naa a2200000 4500
001 r033772
005 20230727092114.1
041 0 |a cze 
044 |a CZ 
245 1 0 |a O hypermarketech a krámcích 
520 |a Obchodná scéna Poľska. Spoločnosti prevádzkujúce najväčšie hypermarkety v Poľsku. Diskonty a supermarkety. Významná úloha veľkoobchodu v Poľsku a najúspešnejší poľskí veľkoobchodníci. Starosti poľských obchodníkov. Spájanie veľkoobchodníkov do združení (Delko a Lewiatan Holding). Záujem zahraničia o investovanie v Poľsku. 
610 2 0 |a obchod 
610 2 0 |a Poľsko 
610 2 0 |a maloobchod 
610 2 0 |a veľkoobchod 
610 2 0 |a hypermarkety 
610 2 0 |a supermarkety 
610 2 0 |a predajne diskontné 
610 2 0 |a obchodníci 
610 2 0 |a SVE 
610 2 0 |a investície zo zahraničia 
610 2 0 |a siete obchodné